00363nam a2200145Ia 4500008004100000020001500041041001200056082001100068100001600079245005600095260003600151300000900187650000800196700001300204221030s9999 xx 000 0 und d a9350062388 aEnglish a105.23 aS. L. Gupta 2aA Handbook of Electronicscby S. L. Gupta, V. Kumar bPragati PrakashanaMeerutc2010 a1352 aECE aV. Kumar